00421nam a2200169Ia 450000500170000000800410001702000160005804000190007404100120009308200130010510000250011824500420014326000280018530000090021365000190022285000100024120240808104252.0131103s9999 xx 000 0 und d a33390 004 9 aLoreto College aEnglish a821bTAG aTagore, Rabindranath 4aThe Post officecRabindranath Tagore; aLondonbMacmillanc1968 a76P  aEnglish poetry aLCBED